000 00292nam a22001337a 4500
008 180911b xxu||||| |||| 00| 0 eng d
020 _a9781882982578
041 _aeng
080 _a004
100 _a30
101 _aSHK
245 _aDepartments That Work
_cWergn.J.F
942 _2udc
_cBK
999 _c47649
_d47649